[Event "SVK-chT3B2 1819"]
[Site "Slovakia"]
[Date "2019.04.14"]
[Round "11.4"]
[White "Dzurenda, Vladimir"]
[Black "Janicek, Jozef"]
[Result "0-1"]
[WhiteElo "1812"]
[BlackElo "1638"]
[PlyCount "58"]
[EventDate "2018.10.21"]
[EventType "team-tourn"]
[EventRounds "11"]
[EventCountry "SVK"]
[SourceTitle "EXT 2020"]
[Source "ChessBase"]
[SourceDate "2019.10.17"]
[SourceVersion "1"]
[SourceVersionDate "2019.10.17"]
[SourceQuality "1"]
[WhiteTeam "Bojnice"]
[BlackTeam "Belusa"]
[WhiteTeamCountry "SVK"]
[BlackTeamCountry "SVK"]

1. c4 e5 2. Nc3 Nc6 3. Nf3 Bb4 4. Nd5 Bc5 5. d3 h6 6. g3 Nf6 7. Bg2 d6 8. Nc3 a6 9. a3 0-0 10. 0-0 Rb8 11. Nd2 Bf5 12. b4 Bd4 13. Bb2 Qd7 14. Qc2 Bh3 15. Nf3 Bxg2 16. Kxg2 b5 17. cxb5 axb5 18. Rac1 Rfc8 19. e3 Bxc3 20. Qxc3 Ne7 21. e4 c5 22. bxc5 Rxc5 23. Qb4 Nc6 24. Qb3 Na5 25. Qa2 Rbc8 26. Rxc5 Rxc5 27. Rc1 Qc7 28. Rxc5 Qxc5 29. d4 Qc2 0-1

[Event "SVK-chT3B2 1819"]
[Site "Slovakia"]
[Date "2019.02.10"]
[Round "7.3"]
[White "Solik, Rudolf"]
[Black "Dzurenda, Vladimir"]
[Result "1/2-1/2"]
[WhiteElo "1869"]
[BlackElo "1812"]
[PlyCount "38"]
[EventDate "2018.10.21"]
[EventType "team-tourn"]
[EventRounds "11"]
[EventCountry "SVK"]
[SourceTitle "CBM 189 Extra"]
[Source "ChessBase"]
[SourceDate "2019.06.03"]
[SourceVersion "1"]
[SourceVersionDate "2019.06.03"]
[SourceQuality "1"]
[WhiteTeam "Dubnica nad Vahom IV"]
[BlackTeam "Bojnice"]
[WhiteTeamCountry "SVK"]
[BlackTeamCountry "SVK"]

1. c4 Nf6 2. d4 g6 3. Nf3 d6 4. Nc3 Bg7 5. e3 Bg4 6. h3 Bxf3 7. Qxf3 c6 8. b4 e6 9. Bd3 d5 10. Qe2 0-0 11. 0-0 Nbd7 12. f4 b6 13. Ba3 Re8 14. Rac1 Rc8 15. c5 b5 16. Bb2 a5 17. a3 Ra8 18. Rce1 Nh5 19. Qf2 f5 1/2-1/2

[Event "SVK-chT3B2 1718"]
[Site "Slovakia"]
[Date "2018.02.18"]
[Round "9.5"]
[White "Masar, Jan"]
[Black "Dzurenda, Vladimir"]
[Result "0-1"]
[WhiteElo "1753"]
[BlackElo "1830"]
[PlyCount "132"]
[EventDate "2017.10.08"]
[EventType "team-tourn"]
[EventRounds "11"]
[EventCountry "SVK"]
[SourceTitle "EXT 2020"]
[Source "ChessBase"]
[SourceDate "2019.10.17"]
[SourceVersion "1"]
[SourceVersionDate "2019.10.17"]
[SourceQuality "1"]
[WhiteTeam "Handlova"]
[BlackTeam "Bojnice"]
[WhiteTeamCountry "SVK"]
[BlackTeamCountry "SVK"]

1. e4 d6 2. Bc4 Nf6 3. Nc3 c6 4. d3 g6 5. Nf3 Bg4 6. h3 Bxf3 7. Qxf3 Nbd7 8. Qe2 a5 9. a4 Bg7 10. 0-0 0-0 11. Bg5 Qc7 12. d4 e5 13. d5 Rac8 14. dxc6 bxc6 15. Rad1 h6 16. Be3 Rb8 17. Bb3 Rb4 18. f3 Kh7 19. Qd2 Ne8 20. f4 exf4 21. Rxf4 Ndf6 22. Bd4 Rxd4 23. Qxd4 Nh5 24. Qe3 Nxf4 25. Qxf4 Be5 26. Qf3 Ng7 27. Rf1 Qa7+ 28. Kh1 f5 29. g4 f4 30. Nd1 Qe7 31. Qf2 c5 32. Qe1 Qb7 33. Bd5 Qb4 34. Qxb4 cxb4 35. c3 bxc3 36. Nxc3 g5 37. Nb5 Ne8 38. b3 Nf6 39. Rc1 h5 40. Be6 hxg4 41. hxg4 Nxe4 42. Bf5+ Rxf5 43. gxf5 Ng3+ 44. Kg2 Nxf5 45. Kf3 Kg6 46. b4 axb4 47. a5 b3 48. Rc7 b2 49. Na3 Nd4+ 50. Ke4 Nb5 51. Rb7 Nxa3 52. a6 b1Q+ 53. Rxb1 Nxb1 54. a7 Nc3+ 55. Kf3 Kf5 56. a8Q g4+ 57. Kf2 Ne4+ 58. Ke1 f3 59. Qf8+ Nf6 60. Qc8+ Kg5 61. Qc1+ Kh4 62. Qc4 Nh5 63. Qf7 Nf4 64. Qh7+ Kg3 65. Qe4 Ng2+ 66. Kf1 Bf4 0-1

[Event "SVK-chT3B2 1718"]
[Site "Slovakia"]
[Date "2018.01.07"]
[Round "7.4"]
[White "Dzurenda, Vladimir"]
[Black "Duda, Daniel"]
[Result "1-0"]
[WhiteElo "1830"]
[BlackElo "1553"]
[PlyCount "95"]
[EventDate "2017.10.08"]
[EventType "team-tourn"]
[EventRounds "11"]
[EventCountry "SVK"]
[SourceTitle "EXT 2019"]
[Source "ChessBase"]
[SourceDate "2018.10.10"]
[SourceVersion "1"]
[SourceVersionDate "2018.10.10"]
[SourceQuality "1"]
[WhiteTeam "Bojnice"]
[BlackTeam "Dubnica nad Vahom IV"]
[WhiteTeamCountry "SVK"]
[BlackTeamCountry "SVK"]

1. c4 c6 2. Nc3 e6 3. d4 Nf6 4. Bg5 Be7 5. e3 d5 6. Nf3 0-0 7. a3 Nbd7 8. Rc1 a6 9. Bd3 Re8 10. 0-0 c5 11. Qe2 cxd4 12. Nxd4 e5 13. Nf5 e4 14. Bb1 dxc4 15. Rfd1 Qa5 16. Nxe7+ Rxe7 17. Bh4 Nf8 18. Nxe4 Rxe4 19. Bxf6 Rg4 20. Be7 Be6 21. h3 Rg5 22. Bxg5 Qxg5 23. Qf3 Qb5 24. Qe2 Qg5 25. f4 Qb5 26. e4 Qb6+ 27. Qf2 Qc7 28. f5 Bd7 29. Qd4 b5 30. b3 Rc8 31. bxc4 Qf4 32. c5 Bc6 33. Rf1 Qc7 34. Qd6 Qa5 35. Rf3 b4 36. axb4 Qxb4 37. Qd3 Re8 38. Re3 Nd7 39. Qc3 Qb8 40. Rd1 Qb5 41. e5 Qa4 42. Bc2 Qf4 43. Rf1 Qh4 44. Bb3 Bb5 45. Rf2 Rc8 46. e6 Rxc5 47. exf7+ Kh8 48. Re8+ 1-0

[Event "SVK-chT3B2 1718"]
[Site "Slovakia"]
[Date "2017.12.17"]
[Round "6.4"]
[White "Kurtulik, Andrej"]
[Black "Dzurenda, Vladimir"]
[Result "1/2-1/2"]
[WhiteElo "1801"]
[BlackElo "1830"]
[PlyCount "42"]
[EventDate "2017.10.08"]
[EventType "team-tourn"]
[EventRounds "11"]
[EventCountry "SVK"]
[SourceTitle "EXT 2019"]
[Source "ChessBase"]
[SourceDate "2018.10.10"]
[SourceVersion "1"]
[SourceVersionDate "2018.10.10"]
[SourceQuality "1"]
[WhiteTeam "Prievidza II"]
[BlackTeam "Bojnice"]
[WhiteTeamCountry "SVK"]
[BlackTeamCountry "SVK"]

1. e4 d6 2. d4 Nf6 3. Nc3 g6 4. Nf3 Bg7 5. Be3 c6 6. Qd2 b5 7. Bd3 0-0 8. Bh6 a6 9. Bxg7 Kxg7 10. 0-0-0 Bg4 11. Qf4 Bxf3 12. Qxf3 Nbd7 13. g4 Qa5 14. Kb1 c5 15. Be2 cxd4 16. Rxd4 Ne5 17. Qg3 Rac8 18. f4 Nc6 19. Rdd1 b4 20. Nd5 Nxe4 21. Qe3 Nc5 1/2-1/2

[Event "SVK-chT3B2 1617"]
[Site "Slovakia"]
[Date "2016.12.18"]
[Round "5.4"]
[White "Dzurenda, Vladimir"]
[Black "Sajtlava, Igor"]
[Result "1-0"]
[WhiteElo "1848"]
[BlackElo "1769"]
[PlyCount "97"]
[EventDate "2016.10.16"]
[EventType "team-tourn"]
[EventRounds "11"]
[EventCountry "SVK"]
[SourceTitle "EXT 2018"]
[Source "ChessBase"]
[SourceDate "2017.10.13"]
[SourceVersion "1"]
[SourceVersionDate "2017.10.13"]
[SourceQuality "1"]
[WhiteTeam "Bojnice"]
[BlackTeam "Dubnica nad Vahom III"]
[WhiteTeamCountry "SVK"]
[BlackTeamCountry "SVK"]

1. c4 e6 2. Nc3 d5 3. d4 Nf6 4. Bg5 Be7 5. e3 0-0 6. Nf3 h6 7. Bxf6 Bxf6 8. Rc1 c6 9. Bd3 dxc4 10. Bxc4 Nd7 11. 0-0 e5 12. Ne4 exd4 13. Nxf6+ Qxf6 14. Qxd4 Qxd4 15. Nxd4 Ne5 16. Be2 Rd8 17. Rfd1 Kf8 18. h3 Ke7 19. f4 Ng6 20. Bf3 Bd7 21. Be4 Nf8 22. Rd2 g6 23. Rcd1 Ne6 24. Nb3 Be8 25. f5 gxf5 26. Bxf5 Rxd2 27. Rxd2 Rd8 28. Rxd8 Nxd8 29. Kf2 Kd6 30. Kf3 c5 31. Kf4 f6 32. Nd2 Ne6+ 33. Bxe6 Kxe6 34. g4 Bc6 35. e4 Bd7 36. Nc4 b5 37. Ne3 Kd6 38. Nd5 Ke6 39. Nc7+ Kf7 40. e5 c4 41. e6+ Bxe6 42. Nxb5 a5 43. a3 Ke7 44. Nd4 Bd7 45. Nf5+ Bxf5 46. Kxf5 Kf7 47. h4 a4 48. h5 Kg7 49. Ke6 1-0

[Event "SVK-chT2B 1415"]
[Site "Slovakia"]
[Date "2015.03.07"]
[Round "10.7"]
[White "Lukacovic, Miroslav"]
[Black "Dzurenda, Vladimir"]
[Result "1-0"]
[WhiteElo "1969"]
[BlackElo "1589"]
[PlyCount "45"]
[EventDate "2014.10.11"]
[EventType "team-tourn"]
[EventRounds "11"]
[EventCountry "SVK"]
[SourceTitle "EXT 2019"]
[Source "ChessBase"]
[SourceDate "2018.10.10"]
[SourceVersion "1"]
[SourceVersionDate "2018.10.10"]
[SourceQuality "1"]
[WhiteTeam "Sala Slovan Duslo"]
[BlackTeam "Bojnice SK PRM"]
[WhiteTeamCountry "SVK"]
[BlackTeamCountry "SVK"]

1. d4 d5 2. Nf3 Nf6 3. g3 Bg4 4. Bg2 c6 5. 0-0 e6 6. c4 Bd6 7. Nbd2 0-0 8. b3 Nbd7 9. Bb2 Rc8 10. Ne5 Bh5 11. h3 Qc7 12. f4 Bg6 13. Kh2 h6 14. Nxg6 fxg6 15. Qc2 g5 16. c5 gxf4 17. cxd6 fxg3+ 18. Kh1 Qxd6 19. e4 e5 20. dxe5 Nxe5 21. Qc3 Rce8 22. Rf5 Nxe4 23. Nxe4 1-0

[Event "SVK-chT2B 1415"]
[Site "Slovakia"]
[Date "2015.02.14"]
[Round "8.6"]
[White "Dzurenda, Vladimir"]
[Black "Zahorsky, Robert"]
[Result "1/2-1/2"]
[WhiteElo "1589"]
[BlackElo "1957"]
[PlyCount "112"]
[EventDate "2014.10.11"]
[EventType "team-tourn"]
[EventRounds "11"]
[EventCountry "SVK"]
[SourceTitle "EXT 2019"]
[Source "ChessBase"]
[SourceDate "2018.10.10"]
[SourceVersion "1"]
[SourceVersionDate "2018.10.10"]
[SourceQuality "1"]
[WhiteTeam "Bojnice SK PRM"]
[BlackTeam "Tlmace SK"]
[WhiteTeamCountry "SVK"]
[BlackTeamCountry "SVK"]

1. e4 c6 2. d4 d5 3. Nd2 dxe4 4. Nxe4 Bf5 5. Ng3 Bg6 6. Nf3 Nd7 7. Bd3 Ngf6 8. 0-0 e6 9. Re1 Be7 10. Qe2 Bxd3 11. Qxd3 0-0 12. a3 c5 13. Bg5 h6 14. Be3 Nd5 15. c4 Nxe3 16. fxe3 cxd4 17. exd4 Rc8 18. b4 Qc7 19. c5 Nf6 20. Rad1 b6 21. Ne4 Rfd8 22. Nxf6+ Bxf6 23. Qe4 Rd5 24. Rd3 Rcd8 25. Red1 Qd7 26. R3d2 Qa4 27. Qe3 Qd7 28. Qe4 Qb5 29. Qc2 Qc6 30. Qc4 Qc7 31. a4 Qf4 32. c6 Qe3+ 33. Kf1 Rf5 34. Qd3 Qxd3+ 35. Rxd3 b5 36. Ke2 Rfd5 37. Ke3 Rc8 38. Rc1 bxa4 39. Ra3 a5 40. Rxa4 axb4 41. Rxb4 Rd6 42. Rbc4 Rc7 43. R1c2 Rd5 44. Ke4 Kf8 45. Rb4 Ra5 46. Rb7 Bd8 47. Rb8 Ke7 48. Ne5 Rca7 49. c7 f5+ 50. Ke3 Ra3+ 51. Kd2 Bxc7 52. Nc6+ Kd6 53. Nxa7 Rxa7 54. Rb3 Kd5 55. g3 Kxd4 56. Rd3+ Ke5 1/2-1/2

[Event "SVK-chT2B 1314"]
[Site "Slovakia"]
[Date "2014.01.12"]
[Round "6.6"]
[White "Dzurenda, Vladimir"]
[Black "Motuzova, Marta"]
[Result "1-0"]
[WhiteElo "1564"]
[BlackElo "1799"]
[PlyCount "115"]
[EventDate "2013.10.19"]
[EventType "team-tourn"]
[EventRounds "11"]
[EventCountry "SVK"]
[SourceTitle "EXT 2015"]
[Source "ChessBase"]
[SourceDate "2014.11.20"]
[SourceVersion "1"]
[SourceVersionDate "2014.11.20"]
[SourceQuality "1"]
[WhiteTeam "Bojnice"]
[BlackTeam "Povazska Bystrica III"]
[WhiteTeamCountry "SVK"]
[BlackTeamCountry "SVK"]

1. e4 d5 2. exd5 Qxd5 3. Nc3 Qa5 4. Nf3 Nf6 5. h3 Bf5 6. Bc4 Nbd7 7. 0-0 e6 8. Qe2 c6 9. d3 Bd6 10. Bd2 Qc7 11. Rfe1 0-0-0 12. a3 Nd5 13. Ne4 Bf4 14. Bxf4 Nxf4 15. Qe3 Kb8 16. Ng3 Bg6 17. Ne5 Nxe5 18. Qxe5 Qxe5 19. Rxe5 f6 20. Re3 e5 21. Rae1 Nd5 22. R3e2 Rd7 23. Ne4 b6 24. g4 h6 25. Kh2 Rhd8 26. f3 Bf7 27. Bxd5 cxd5 28. Ng3 d4 29. Nf5 Bd5 30. Kg3 Be6 31. f4 Bxf5 32. gxf5 exf4+ 33. Kxf4 Rc7 34. Re8 Kc8 35. Rxd8+ Kxd8 36. Re2 Rd7 37. Re6 Kc7 38. Ke4 Kb7 39. c3 dxc3 40. bxc3 Ka6 41. c4 Ka5 42. d4 Ka4 43. d5 Kxa3 44. d6 a5 45. Kd5 Rd8 46. Re7 Kb4 47. Rb7 a4 48. Rxb6+ Ka5 49. Rb1 a3 50. c5 Ra8 51. c6 a2 52. Ra1 Kb6 53. d7 Kc7 54. Ke6 Ra3 55. Rd1 Ra8 56. Ke7 h5 57. Ra1 h4 58. Rxa2 1-0